LEADER 01664nam a2200313 i 4500 001 000000134051 003 CaOOAMICUS 005 20050122000000.0 008 050122s1986 it u000 u ita u 013 $a107123 040 $aSeMil$bita 100 0 $aGrosseteste, Robert,$c.$0(OLS)http://semarc/name/3619 240 13$aLe arti liberali. La luce. Le linee, gli angoli e le figure. L'arcobaleno. Lettera a Adamo di Exeter su Dio. Forma di tutte le cose e sugli angeli. La potenza e l'atto. Le cause. L'emanazione delle cose da Dio. La verità. La verità della proposizione : La conoscenza divina. Il libero arbitrio.$0(OLS)http://semarc/title/196131 245 10$aMetafisica della luce /$cRoberto Grossatesta ; introduzione, traduzione e note di Pietro Rossi. 260 $aMilano :$bRusconi,$c1986. 300 $a357 p. ;$c22 cm. 490 0 $aI classici del pensiero. Sezione 2. : Medioevo e Rinascimento 500 $aContiene : Bibliografia. - Fondo Card. C.M. Martini. 650 4$aFilosofia - Testi - Sec. 13.$0(OLS)http://semarc/subject/6152 700 1 $aRossi, Pietro B. <1948- >.$0(OLS)http://semarc/name/41466 830 2$aI classici del pensiero. Sez. 2, Medioevo e Rinascimento.$0(OLS)http://semarc/title/19380 850 $aSeMil 852 $aSeMil$W1$xVenegono$y1$m72 2 12 *$j87830$B87830$CSeMilBibl$Z2$F91899 $81 900 0 $aRoberto : Grossatesta. 941 1 $a4 961 $aOmaggio: Martini Card. Carlo Maria 996 $6245$aMetafisica della luce$9(OLS)http://semarc/title/196130 996 $6260$aMilano :$bRusconi$9(OLS)http://semarc/publisher/30258 LEADER 01421nam a2200325 i 4500 001 000000072276 003 CaOOAMICUS 005 20190213124456.0 008 150304s1986 it u000 u ita u 013 $a43448 020 $a88-311-9014-8 040 $aSeMil$bita 100 1 $aRosmini, Antonio,$c.$0(OLS)http://semarc/name/405 245 10$a[1] /$ca cura di Vincenzo Sala. 260 $aRoma :$bIstituto di studi filosofici,$c1986. 260 $aStresa :$bCentro internazionale di studi rosminiani,$c1986. 260 $aRoma :$bCittà Nuova,$c1986. 300 $a311 p. ;$c24 cm. 700 1 $aSala, Vincenzo,$d<1965- >.$0(OLS)http://semarc/name/5917 773 0 $aRosmini, Antonio $tSaggi inediti giovanili.$dRoma : Istituto di studi filosofici, 1986-1987.$g1$w()21636 850 $aSeMil 852 $aSeMil$W1$xVenegono$y1$m2Q V 361$j38429$B38429$CSeMilBibl$Z2$F38432 $81 900 1 $aRosmini Serbati, Antonio. 996 $6020$a88-311-9014-8$9(OLS)http://semarc/number/51551 996 $6245$a[1]$9(OLS)http://semarc/title/63174 996 $6260$aRoma :$bIstituto di studi filosofici$9(OLS)http://semarc/publisher/31165 996 $6260$aRoma :$bCittà Nuova$9(OLS)http://semarc/publisher/29609 996 $6260$aStresa :$bCentro internazionale di studi rosminiani$9(OLS)http://semarc/publisher/32698